000
002910000a22000970004500
100
1
_a
Mitchell, Bill
245
1
0
_a
Fanged, fierce, fertile... Gods of the Andes at the conquest
300
_a
Vol. 72, Num 2 (Abril-Junio, 1992), Páginas 18-19
773
0
_t
Latin America Evangelist
942
_c
ANA
999
_c
54634
_d
54634